[Event "Oberliga Ost-B 2122"]
[Site "Germany"]
[Date "2021.10.10"]
[Round "1.5"]
[White "Diaz, Joaquin"]
[Black "Wichmann, Daniel"]
[Result "1/2-1/2"]
[WhiteElo "2151"]
[BlackElo "2174"]
[PlyCount "45"]
[EventDate "2021.10.10"]
[EventType "team-tourn"]
[EventRounds "11"]
[EventCountry "GER"]
[SourceTitle "EXT 2023"]
[Source "ChessBase"]
[SourceDate "2022.10.05"]
[SourceVersion "1"]
[SourceVersionDate "2022.10.05"]
[SourceQuality "1"]
[WhiteTeam "Griesheim"]
[BlackTeam "Wiesbaden"]
[WhiteTeamCountry "GER"]
[BlackTeamCountry "GER"]

1. e4 Nf6 2. e5 Nd5 3. c4 Nb6 4. d4 d6 5. f4 dxe5 6. fxe5 c5 7. d5 e6 8. Nc3 exd5 9. cxd5 c4 10. Nf3 Bb4 11. Bxc4 Bxc3+ 12. bxc3 Nxc4 13. Qa4+ Nd7 14. Qxc4 Nb6 15. Qb5+ Bd7 16. Qd3 Bg4 17. d6 Bxf3 18. Qxf3 Qh4+ 19. Qf2 Qc4 20. Qd4 Rc8 21. Bf4 Qxc3+ 22. Qxc3 Rxc3 23. 0-0 1/2-1/2

[Event "Oberliga Ost-B 1617"]
[Site "Germany"]
[Date "2016.10.16"]
[Round "1.6"]
[White "Wichmann, Daniel"]
[Black "Klings, Peter"]
[Result "1/2-1/2"]
[WhiteElo "2190"]
[BlackElo "2147"]
[PlyCount "51"]
[EventDate "2016.10.16"]
[EventType "team-tourn"]
[EventRounds "11"]
[EventCountry "GER"]
[SourceTitle "EXT 2018"]
[Source "ChessBase"]
[SourceDate "2017.10.13"]
[SourceVersion "1"]
[SourceVersionDate "2017.10.13"]
[SourceQuality "1"]
[WhiteTeam "Wiesbaden"]
[BlackTeam "Moerlenbach Birkenau"]
[WhiteTeamCountry "GER"]
[BlackTeamCountry "GER"]

1. e4 c6 2. Nc3 d5 3. Qf3 dxe4 4. Nxe4 Nd7 5. d4 Ndf6 6. Bd3 Nxe4 7. Qxe4 Nf6 8. Qe5 g6 9. Ne2 Bg7 10. 0-0 0-0 11. Qg3 Qb6 12. a3 Re8 13. b4 e5 14. dxe5 Ng4 15. Bb2 Bxe5 16. Bxe5 Nxe5 17. c3 Nxd3 18. Qxd3 Bf5 19. Qd2 c5 20. Rfe1 Rad8 21. Qg5 Qe6 22. Qc1 Qc4 23. Ng3 Bd3 24. Rxe8+ Rxe8 25. Qd2 cxb4 26. axb4 1/2-1/2

[Event "Oberliga Ost-B 1516"]
[Site "Germany"]
[Date "2016.02.21"]
[Round "8.6"]
[White "Klundt, Klaus"]
[Black "Wichmann, Daniel"]
[Result "1/2-1/2"]
[WhiteElo "2304"]
[BlackElo "2199"]
[PlyCount "90"]
[EventDate "2015.09.20"]
[EventType "team-tourn"]
[EventRounds "11"]
[EventCountry "GER"]
[SourceTitle "EXT 2017"]
[Source "ChessBase"]
[SourceDate "2016.10.25"]
[SourceVersion "1"]
[SourceVersionDate "2016.10.25"]
[SourceQuality "1"]
[WhiteTeam "Heusenstamm"]
[BlackTeam "Wiesbaden"]
[WhiteTeamCountry "GER"]
[BlackTeamCountry "GER"]

1. e4 Nf6 2. e5 Nd5 3. d4 d6 4. Nf3 dxe5 5. Nxe5 c6 6. Be2 Nd7 7. Nf3 g6 8. 0-0 Bg7 9. c4 N5f6 10. Nc3 0-0 11. Re1 Re8 12. Bf4 Nh5 13. Be3 Qc7 14. Qd2 Nb6 15. Rad1 Bg4 16. b3 Rad8 17. h3 Bxf3 18. Bxf3 Nf6 19. Bf4 Qc8 20. Qe3 Nbd7 21. d5 cxd5 22. Nxd5 Nxd5 23. cxd5 Nb6 24. Rc1 Qa8 25. Qc5 Rd7 26. Qb5 Rc8 27. Rxc8+ Qxc8 28. a4 Qd8 29. d6 exd6 30. Bg5 f6 31. Be3 d5 32. Bxb6 axb6 33. Bxd5+ Kh8 34. Bxb7 Rd1 35. Rxd1 Qxd1+ 36. Kh2 Qd6+ 37. g3 Bf8 38. Kg2 Kg7 39. Bd5 Qc5 40. Qd7+ Qe7 41. Qc6 Qd6 42. Qb7+ Be7 43. Bc4 Kh6 44. h4 f5 45. Qf3 f4 1/2-1/2

[Event "BL2-West 1314"]
[Site "Germany"]
[Date "2013.11.10"]
[Round "2.7"]
[White "Zelbel, Patrick"]
[Black "Wichmann, Daniel"]
[Result "1-0"]
[WhiteElo "2395"]
[BlackElo "2198"]
[PlyCount "43"]
[EventDate "2013.10.13"]
[EventType "team-tourn"]
[EventRounds "9"]
[EventCountry "GER"]
[SourceTitle "EXT 2015"]
[Source "ChessBase"]
[SourceDate "2014.11.20"]
[SourceVersion "1"]
[SourceVersionDate "2014.11.20"]
[SourceQuality "1"]
[WhiteTeam "Dortmund Hansa"]
[BlackTeam "Wiesbaden"]
[WhiteTeamCountry "GER"]
[BlackTeamCountry "GER"]

1. e4 Nf6 2. e5 Nd5 3. d4 d6 4. c4 Nb6 5. exd6 cxd6 6. d5 e5 7. Nc3 g6 8. h4 h5 9. Bg5 f6 10. Be3 Kf7 11. Bd3 Na6 12. b3 Be7 13. Rc1 f5 14. g3 Nd7 15. f3 f4 16. gxf4 Bxh4+ 17. Kf1 Nac5 18. Bb1 exf4 19. Bxf4 Re8 20. Qc2 Nf8 21. Nb5 Be7 22. Qh2 1-0

[Event "Oberliga Ost-B 1011"]
[Site "Germany"]
[Date "2011.04.09"]
[Round "10.8"]
[White "Wagner, Andreas"]
[Black "Wichmann, Daniel"]
[Result "0-1"]
[WhiteElo "1930"]
[BlackElo "2177"]
[PlyCount "72"]
[EventDate "2010.10.24"]
[EventType "team-tourn"]
[EventRounds "11"]
[EventCountry "GER"]
[SourceTitle "EXT 2012"]
[Source "ChessBase"]
[SourceDate "2011.11.24"]
[SourceVersion "1"]
[SourceVersionDate "2011.11.24"]
[SourceQuality "1"]
[WhiteTeam "Steinbach"]
[BlackTeam "Wiesbaden"]
[WhiteTeamCountry "GER"]
[BlackTeamCountry "GER"]

1. d4 f5 2. c4 Nf6 3. Nc3 e6 4. Nf3 Be7 5. Bf4 0-0 6. e3 Ne4 7. h3 d5 8. Qc2 c6 9. 0-0-0 a5 10. Ne5 Nd7 11. f3 Nxc3 12. Qxc3 Nxe5 13. Bxe5 Bd6 14. f4 b6 15. g4 Ba6 16. Bd3 dxc4 17. Bxc4 Bxc4 18. Qxc4 Qe7 19. gxf5 Rxf5 20. Kb1 Rc8 21. Rhg1 Rf7 22. Rg5 b5 23. Qc2 Bxe5 24. Rxe5 Qd7 25. Qe4 c5 26. Rxe6 cxd4 27. Rxd4 Qc7 28. Re8+ Rf8 29. Qd5+ Kh8 30. Rxf8+ Rxf8 31. Qxb5 Rc8 32. a3 Qc1+ 33. Ka2 Qxe3 34. Qd7 Re8 35. Ra4 Rb8 36. Qd6 Qb3+ 0-1

[Event "Bayern-chI Bank Hofmann 14th"]
[Site "Bad Wiessee"]
[Date "2010.11.05"]
[Round "8"]
[White "Wichmann, Daniel"]
[Black "Buchal, Stephan"]
[Result "1/2-1/2"]
[WhiteElo "2177"]
[BlackElo "2334"]
[PlyCount "99"]
[EventDate "2010.10.30"]
[EventType "swiss"]
[EventRounds "9"]
[EventCountry "GER"]
[SourceTitle "EXT 2011"]
[Source "ChessBase"]
[SourceDate "2010.11.26"]
[SourceVersion "1"]
[SourceVersionDate "2010.11.26"]
[SourceQuality "1"]

1. e4 g6 2. d4 Bg7 3. Nc3 d6 4. Be3 a6 5. Qd2 Nd7 6. f3 b5 7. Nge2 Bb7 8. h4 h5 9. Nd1 c5 10. c3 Ngf6 11. g3 0-0 12. Bg2 cxd4 13. cxd4 e5 14. d5 Nh7 15. g4 f5 16. gxf5 gxf5 17. Bh6 Bxh6 18. Qxh6 Rf6 19. Qxh5 Nc5 20. Ne3 Bc8 21. exf5 Nd3+ 22. Kd2 Nxb2 23. Ng4 Nc4+ 24. Ke1 Ra7 25. Nxf6+ Nxf6 26. Qh6 Rh7 27. Qc1 Nxd5 28. Qg5+ Qxg5 29. hxg5 Rxh1+ 30. Bxh1 Bxf5 31. Kf2 Nb4 32. f4 Nd3+ 33. Kg3 Kg7 34. Bc6 Nb4 35. Bb7 Kg6 36. Rh1 exf4+ 37. Kxf4 Nd3+ 38. Kg3 Nc5 39. Bd5 Kxg5 40. Bxc4 bxc4 41. Rh8 Bd3 42. Kf3 Kf6 43. Nc3 Ke6 44. Ke3 Kd7 45. Kd4 Ne6+ 46. Ke3 Kc6 47. Rc8+ Kd7 48. Rh8 Kc6 49. Rc8+ Kd7 50. Rh8 1/2-1/2

[Event "Hessenliga 0809"]
[Site "Germany"]
[Date "2009.02.15"]
[Round "8.6"]
[White "Wichmann, Daniel"]
[Black "Bahlke, Wolfgang"]
[Result "1/2-1/2"]
[WhiteElo "2197"]
[BlackElo "2125"]
[PlyCount "117"]
[EventDate "2008.09.14"]
[EventType "team-tourn"]
[EventRounds "9"]
[EventCountry "GER"]
[SourceTitle "EXT 2011"]
[Source "ChessBase"]
[SourceDate "2010.11.26"]
[SourceVersion "1"]
[SourceVersionDate "2010.11.26"]
[SourceQuality "1"]
[WhiteTeam "Dotzheim"]
[BlackTeam "Dettingen"]
[WhiteTeamCountry "GER"]
[BlackTeamCountry "GER"]

1. e4 c6 2. Nc3 d5 3. Qf3 dxe4 4. Nxe4 Nd7 5. d4 Ngf6 6. Bd3 Nxe4 7. Qxe4 Nf6 8. Qe5 e6 9. Nf3 Bd6 10. Qg5 0-0 11. 0-0 Nd5 12. c3 Qxg5 13. Nxg5 h6 14. Ne4 Bc7 15. Re1 Rd8 16. Bf1 a5 17. g3 a4 18. Bd2 a3 19. b3 e5 20. dxe5 Bxe5 21. f4 Nf6 22. Nf2 Rxd2 23. Rxe5 Kf8 24. Re2 Rxe2 25. Bxe2 Bf5 26. Kf1 Nd5 27. Nd1 Rd8 28. Rc1 Nf6 29. Ne3 Bh3+ 30. Ke1 Re8 31. Nc4 Bg4 32. Rc2 Nd5 33. Kf2 Bxe2 34. Rxe2 Rxe2+ 35. Kxe2 Nxc3+ 36. Kd3 Nxa2 37. Nxa3 Nb4+ 38. Kc4 Nd5 39. Kc5 Ke7 40. Nc4 Kd7 41. Ne5+ Kc7 42. Nxf7 Ne3 43. Ne5 b6+ 44. Kd4 Nf5+ 45. Kd3 c5 46. Ke4 Nd4 47. b4 Kd6 48. Nc4+ Kc6 49. bxc5 bxc5 50. f5 Kd7 51. g4 Ke7 52. h4 Kf6 53. Ne5 Nb3 54. Nf3 Nc1 55. g5+ hxg5 56. hxg5+ Ke7 57. Kd5 Ne2 58. Kxc5 Ng3 59. f6+ 1/2-1/2

[Event "Hessenliga 0809"]
[Site "Germany"]
[Date "2009.02.08"]
[Round "7.6"]
[White "Seifert, Christopher"]
[Black "Wichmann, Daniel"]
[Result "1-0"]
[WhiteElo "2032"]
[BlackElo "2197"]
[PlyCount "75"]
[EventDate "2008.09.14"]
[EventType "team-tourn"]
[EventRounds "9"]
[EventCountry "GER"]
[SourceTitle "EXT 2011"]
[Source "ChessBase"]
[SourceDate "2010.11.26"]
[SourceVersion "1"]
[SourceVersionDate "2010.11.26"]
[SourceQuality "1"]
[WhiteTeam "Neuberg"]
[BlackTeam "Dotzheim"]
[WhiteTeamCountry "GER"]
[BlackTeamCountry "GER"]

1. d4 f5 2. Nf3 Nf6 3. c4 e6 4. e3 Be7 5. Bd3 0-0 6. 0-0 c6 7. b3 d5 8. Ba3 Bd7 9. Qc1 Ne8 10. Bxe7 Qxe7 11. Qa3 Nd6 12. Nc3 Rc8 13. Na4 Be8 14. Nb6 axb6 15. Qxa8 Na6 16. Qa7 Qd8 17. c5 bxc5 18. Bxa6 Ra8 19. Qxc5 Rxa6 20. Ne5 Ne4 21. Qc2 g5 22. Nd3 Ra8 23. Nc5 Qe7 24. a4 Nd6 25. a5 Kh8 26. a6 b6 27. Nd3 Ne4 28. f3 Nf6 29. Rfc1 g4 30. Ne5 gxf3 31. gxf3 Nh5 32. f4 h6 33. Kh1 Kh7 34. Nxc6 Qh4 35. Qg2 Bf7 36. Ne5 Rg8 37. Rg1 Rxg2 38. Rxg2 1-0

[Event "Hessenliga 0809"]
[Site "Germany"]
[Date "2008.11.09"]
[Round "4.6"]
[White "Stange, Andreas"]
[Black "Wichmann, Daniel"]
[Result "0-1"]
[WhiteElo "2055"]
[BlackElo "2197"]
[PlyCount "78"]
[EventDate "2008.09.14"]
[EventType "team-tourn"]
[EventRounds "9"]
[EventCountry "GER"]
[SourceTitle "EXT 2011"]
[Source "ChessBase"]
[SourceDate "2010.11.26"]
[SourceVersion "1"]
[SourceVersionDate "2010.11.26"]
[SourceQuality "1"]
[WhiteTeam "Schoeneck II"]
[BlackTeam "Dotzheim"]
[WhiteTeamCountry "GER"]
[BlackTeamCountry "GER"]

1. e4 Nf6 2. e5 Nd5 3. Nc3 c6 4. Nxd5 cxd5 5. Nf3 Nc6 6. d4 d6 7. exd6 Qxd6 8. Be2 Bg4 9. 0-0 e6 10. c3 Be7 11. Be3 0-0 12. h3 Bh5 13. Qd2 Rfc8 14. Bf4 Qd8 15. b4 a6 16. a4 Bd6 17. Rac1 Rc7 18. g4 Bg6 19. Be3 Rac8 20. Bg5 Qf8 21. Bf4 Bxf4 22. Qxf4 Qd8 23. Qd2 Qd6 24. b5 axb5 25. axb5 Na5 26. Qb2 b6 27. Ne5 Qe7 28. f4 Be4 29. Kh2 f6 30. Nc6 Nxc6 31. bxc6 Rxc6 32. Bb5 R6c7 33. Ba6 Rb8 34. Rfe1 Qd6 35. Qd2 b5 36. Ra1 Ra7 37. Bxb5 Rxa1 38. Rxa1 Rxb5 39. Ra8+ Rb8 0-1

[Event "Oberliga Ost-B 0708"]
[Site "Germany"]
[Date "2008.04.20"]
[Round "11.4"]
[White "Wichmann, Daniel"]
[Black "Klings, Peter"]
[Result "0-1"]
[WhiteElo "2220"]
[BlackElo "2164"]
[PlyCount "70"]
[EventDate "2007.10.07"]
[EventType "team-tourn"]
[EventRounds "11"]
[EventCountry "GER"]
[SourceTitle "EXT 2009"]
[Source "ChessBase"]
[SourceDate "2008.11.26"]
[SourceVersion "1"]
[SourceVersionDate "2008.11.26"]
[SourceQuality "1"]
[WhiteTeam "Dotzheim"]
[BlackTeam "Moerlenbach"]
[WhiteTeamCountry "GER"]
[BlackTeamCountry "GER"]

1. e4 c5 2. c3 g6 3. f4 d5 4. e5 Nc6 5. Nf3 h5 6. d4 cxd4 7. Nxd4 Nh6 8. Be3 Nf5 9. Nxf5 Bxf5 10. Qb3 Qd7 11. Na3 e6 12. Rd1 Rc8 13. Nb5 a6 14. Nd4 Na5 15. Qb6 Nc4 16. Bxc4 Rxc4 17. Nxf5 gxf5 18. Bd4 Qc8 19. 0-0 Bc5 20. Bxc5 Qxc5+ 21. Qxc5 Rxc5 22. Rd4 Ke7 23. Kf2 Rg8 24. Rfd1 h4 25. R1d3 b5 26. Rh3 Rg4 27. g3 hxg3+ 28. Rxg3 Rh4 29. h3 Rh8 30. Ke3 a5 31. Kd3 Rcc8 32. Kc2 Rh4 33. Rf3 Rch8 34. a4 Rb8 35. axb5 Rxb5 0-1

[Event "Bayern-chI Bank Hofmann 11th"]
[Site "Bad Wiessee"]
[Date "2007.11.14"]
[Round "5"]
[White "Terekhov, Andrey"]
[Black "Wichmann, Daniel"]
[Result "1/2-1/2"]
[WhiteElo "2318"]
[BlackElo "2220"]
[PlyCount "80"]
[EventDate "2007.11.10"]
[EventType "swiss"]
[EventRounds "9"]
[EventCountry "GER"]
[SourceTitle "CBM 121 Extra"]
[Source "ChessBase"]
[SourceDate "2008.01.10"]
[SourceVersion "1"]
[SourceVersionDate "2008.01.10"]
[SourceQuality "1"]

1. d4 d5 2. c4 e5 3. dxe5 d4 4. e4 Nc6 5. f4 g5 6. f5 Nxe5 7. Nf3 Nxf3+ 8. Qxf3 Bd6 9. Bd3 h5 10. e5 Bxe5 11. Qe2 f6 12. Bxg5 Ne7 13. Nd2 Qd6 14. Ne4 Qb4+ 15. Bd2 Qxb2 16. 0-0 Kd8 17. Rfb1 Qa3 18. Bb4 Qa4 19. Bxe7+ Kxe7 20. Rb5 Kf8 21. Ng5 Bf4 22. Ne6+ Bxe6 23. Qxe6 Rh6 24. Re1 Qxa2 25. Qe7+ Kg8 26. Rd5 Be3+ 27. Kh1 Qd2 28. Ra1 Rh7 29. Rd8+ Rxd8 30. Qxd8+ Kg7 31. Qe7+ Kg8 32. Qe8+ Kg7 33. Qe7+ Kg8 34. Qe8+ Kg7 35. Qg6+ Kh8 36. Qxf6+ Rg7 37. Qf8+ Rg8 38. Qf6+ Rg7 39. Qf8+ Rg8 40. Qf6+ Rg7 1/2-1/2

[Event "Bayern-chI Bank Hofmann 11th"]
[Site "Bad Wiessee"]
[Date "2007.11.14"]
[Round "6"]
[White "Wichmann, Daniel"]
[Black "Cordts, Ingo"]
[Result "1/2-1/2"]
[WhiteElo "2220"]
[BlackElo "2338"]
[PlyCount "30"]
[EventDate "2007.11.10"]
[EventType "swiss"]
[EventRounds "9"]
[EventCountry "GER"]
[SourceTitle "CBM 121 Extra"]
[Source "ChessBase"]
[SourceDate "2008.01.10"]
[SourceVersion "1"]
[SourceVersionDate "2008.01.10"]
[SourceQuality "1"]

1. e4 c5 2. c3 Nf6 3. d3 d5 4. e5 Nfd7 5. f4 e6 6. Nf3 Nc6 7. Be2 Be7 8. 0-0 0-0 9. Qe1 b5 10. Na3 b4 11. Nc2 bxc3 12. bxc3 f6 13. exf6 Bxf6 14. d4 cxd4 15. Ncxd4 Nxd4 1/2-1/2

[Event "Bayern-chI Bank Hofmann 11th"]
[Site "Bad Wiessee"]
[Date "2007.11.13"]
[Round "4"]
[White "Wichmann, Daniel"]
[Black "Strohhaeker, Raoul"]
[Result "1/2-1/2"]
[WhiteElo "2220"]
[BlackElo "2382"]
[PlyCount "120"]
[EventDate "2007.11.10"]
[EventType "swiss"]
[EventRounds "9"]
[EventCountry "GER"]
[SourceTitle "CBM 121 Extra"]
[Source "ChessBase"]
[SourceDate "2008.01.10"]
[SourceVersion "1"]
[SourceVersionDate "2008.01.10"]
[SourceQuality "1"]

1. f4 Nh6 2. Nf3 g6 3. d3 Bg7 4. c3 d5 5. g3 c6 6. Bg2 0-0 7. 0-0 Qb6+ 8. Kh1 Ng4 9. d4 h5 10. Qe1 Bf5 11. Nh4 e6 12. h3 Nf6 13. Nd2 Nbd7 14. Kh2 c5 15. e3 Bd3 16. Rg1 Qc7 17. Bf3 Ne4 18. Nxe4 dxe4 19. Bd1 Bf6 20. g4 hxg4 21. Rxg4 Kg7 22. Qg3 Bxh4 23. Rxh4 Rh8 24. Bd2 Rxh4 25. Qxh4 Rh8 26. Qg3 Qb6 27. b3 Qb5 28. dxc5 Qxc5 29. c4 f6 30. Bc3 Kf7 31. Bg4 Rh6 32. Rg1 Qa3 33. f5 exf5 34. Bxf5 gxf5 35. Qg7+ Ke6 36. Qxh6 Qxa2+ 37. Rg2 Qxb3 38. Bd4 Qxc4 39. Qh8 Qc7+ 40. Kh1 b6 41. Qg8+ Kd6 42. Qg3+ Ne5 43. h4 Qc1+ 44. Kh2 Kc6 45. Bxe5 fxe5 46. Qxe5 Qxe3 47. Qe6+ Kc5 48. Qxf5+ Kc4 49. Qf7+ Kc3 50. h5 Qd4 51. Qe7 e3 52. Qa3+ Kc4 53. Rg4 Qxg4 54. Qa4+ Kc3 55. Qxg4 e2 56. Qg3 Kd2 57. Qf4+ Kd1 58. Qe3 Bc2 59. Qd4+ Kc1 60. Qa1+ Kd2 1/2-1/2

[Event "Oberliga Ost-B 0708"]
[Site "Germany"]
[Date "2007.11.04"]
[Round "3.4"]
[White "Wendel, Stefan"]
[Black "Wichmann, Daniel"]
[Result "1-0"]
[WhiteElo "2255"]
[BlackElo "2220"]
[PlyCount "49"]
[EventDate "2007.10.07"]
[EventType "team-tourn"]
[EventRounds "11"]
[EventCountry "GER"]
[SourceTitle "EXT 2009"]
[Source "ChessBase"]
[SourceDate "2008.11.26"]
[SourceVersion "1"]
[SourceVersionDate "2008.11.26"]
[SourceQuality "1"]
[WhiteTeam "Frankfurt BvK"]
[BlackTeam "Dotzheim"]
[WhiteTeamCountry "GER"]
[BlackTeamCountry "GER"]

1. e4 d5 2. exd5 Qxd5 3. Nc3 Qd6 4. d4 Nf6 5. Nf3 a6 6. g3 Bf5 7. Bg2 e6 8. Ne5 c6 9. g4 Bg6 10. h4 h6 11. Nxg6 fxg6 12. Qd3 Kf7 13. Ne4 Qd8 14. g5 Nd5 15. Rh3 Nb4 16. Qb3 Qxd4 17. Be3 Qd8 18. Rf3+ Kg8 19. Qxe6+ Kh7 20. h5 Nxc2+ 21. Ke2 Rg8 22. hxg6+ Kh8 23. gxh6 gxh6 24. Rf7 Bg7 25. Rh1 1-0

[Event "Oberliga Ost-B 0607"]
[Site "Germany"]
[Date "2007.02.04"]
[Round "5.4"]
[White "Paehtz, Thomas Sr"]
[Black "Wichmann, Daniel"]
[Result "1-0"]
[WhiteElo "2420"]
[BlackElo "2257"]
[PlyCount "71"]
[EventDate "2006.10.15"]
[EventType "team-tourn"]
[EventRounds "11"]
[EventCountry "GER"]
[SourceTitle "EXT 2008"]
[Source "ChessBase"]
[SourceDate "2007.11.25"]
[SourceVersion "1"]
[SourceVersionDate "2007.11.25"]
[SourceQuality "1"]
[WhiteTeam "Erfurt Empor"]
[BlackTeam "Dotzheim"]
[WhiteTeamCountry "GER"]
[BlackTeamCountry "GER"]

1. e4 d5 2. exd5 Qxd5 3. Nc3 Qd6 4. d4 Nf6 5. Nf3 a6 6. g3 Bg4 7. h3 Bxf3 8. Qxf3 Nc6 9. Be3 e6 10. Bg2 Rd8 11. 0-0 Qb4 12. Rab1 Be7 13. a3 Qa5 14. b4 Qh5 15. Qxh5 Nxh5 16. d5 exd5 17. Nxd5 Bd6 18. Bg5 f6 19. Be3 f5 20. Bg5 Rb8 21. Bf3 g6 22. Rfe1+ Kf7 23. Nxc7 Bxc7 24. Bxc6 Nf6 25. Bf3 b5 26. c4 Rhe8 27. Rxe8 Rxe8 28. cxb5 axb5 29. Rc1 Be5 30. Bc6 Rb8 31. Rc5 Bb2 32. Bxb5 Ne4 33. Rc7+ Kg8 34. Bc4+ Kh8 35. Bh6 Bd4 36. Kg2 1-0

[Event "Oberliga Ost-B 0506"]
[Site "Germany"]
[Date "2005.11.26"]
[Round "2"]
[White "Nothnagel, Holger"]
[Black "Wichmann, Daniel"]
[Result "1-0"]
[WhiteElo "2309"]
[BlackElo "2255"]
[PlyCount "109"]
[EventDate "2005.11.13"]
[EventType "team-tourn"]
[EventRounds "11"]
[EventCountry "GER"]
[SourceTitle "CBM 109 Extra"]
[Source "ChessBase"]
[SourceDate "2006.01.03"]
[SourceVersion "2"]
[SourceVersionDate "2006.01.03"]
[SourceQuality "1"]

1. Nf3 f5 2. b3 d6 3. d4 Nf6 4. g3 g6 5. Bg2 Bg7 6. Bb2 e5 7. dxe5 Nfd7 8. Nc3 Nxe5 9. Nxe5 Bxe5 10. Qd2 Nc6 11. 0-0-0 Be6 12. f4 Bg7 13. e4 0-0 14. h4 h5 15. exf5 Bxf5 16. Nd5 Qd7 17. Rde1 a5 18. a3 a4 19. b4 Bxb2+ 20. Kxb2 Qg7+ 21. Qc3 Rf7 22. Qxg7+ Kxg7 23. Re3 Nd4 24. c3 Nb5 25. Rhe1 c6 26. Nb6 Ra6 27. Nc4 d5 28. Ne5 Nd6 29. Bf1 Re7 30. Bxa6 bxa6 31. c4 Be4 32. c5 Nf5 33. Rxe4 dxe4 34. Nxc6 Re8 35. Ne5 e3 36. Kc3 Nxg3 37. Rxe3 Nf5 38. Rd3 Nxh4 39. Rd7+ Kf6 40. Ra7 Kf5 41. Rxa6 g5 42. Rh6 Kxf4 43. Nd3+ Kg4 44. b5 Nf5 45. Rh7 h4 46. b6 Kf3 47. c6 g4 48. c7 Nd6 49. Rd7 Ne4+ 50. Kb4 h3 51. b7 h2 52. c8Q Rxc8 53. bxc8Q h1Q 54. Ne5+ Kf4 55. Qc1+ 1-0

[Event "Oberliga Ost-B 0506"]
[Site "Germany"]
[Date "2005.11.13"]
[Round "1"]
[White "Wichmann, Daniel"]
[Black "Bravo Lutz, Sebastian"]
[Result "1-0"]
[WhiteElo "2255"]
[BlackElo "2187"]
[PlyCount "118"]
[EventDate "2005.11.13"]
[EventType "team-tourn"]
[EventRounds "11"]
[EventCountry "GER"]
[SourceTitle "CBM 109 Extra"]
[Source "ChessBase"]
[SourceDate "2006.01.03"]
[SourceVersion "2"]
[SourceVersionDate "2006.01.03"]
[SourceQuality "1"]

1. e4 c5 2. c3 d6 3. d4 Nf6 4. dxc5 Nc6 5. cxd6 Nxe4 6. Nd2 Nxd6 7. Nc4 Nxc4 8. Qxd8+ Nxd8 9. Bxc4 Bd7 10. Be3 Bc6 11. f3 g6 12. Ne2 e5 13. Rd1 b6 14. 0-0 Nb7 15. Bd5 Bxd5 16. Rxd5 Bg7 17. c4 Ke7 18. Rfd1 Rhd8 19. Nc3 Rac8 20. b3 Rxd5 21. Rxd5 Nd6 22. Kf1 Ke6 23. Nb5 Nxb5 24. Rxb5 Bf8 25. Rd5 Be7 26. Ke2 Rc7 27. f4 Bd6 28. fxe5 Bxe5 29. h3 Rd7 30. Rxd7 Kxd7 31. a4 Bc3 32. c5 bxc5 33. Bxc5 a6 34. Kd3 Be1 35. Kc4 Kc6 36. b4 Bg3 37. b5+ axb5+ 38. axb5+ Kb7 39. Kd5 h5 40. Bd4 Bf4 41. Be5 Bg5 42. Bd4 Bf4 43. Bf2 Bc7 44. b6 Bf4 45. Bd4 Bg3 46. Be5 Bh4 47. Bc7 Be7 48. Bd6 Bg5 49. Bc5 Bf4 50. Bf2 Bh2 51. g3 f5 52. Ke6 f4 53. gxf4 Bxf4 54. h4 Bd2 55. Kf6 g5 56. hxg5 h4 57. g6 h3 58. Bg1 Bc3+ 59. Kf5 Bg7 1-0

[Event "Oberliga Ost-B 0405"]
[Site "Germany"]
[Date "2005.01.16"]
[Round "7.4"]
[White "Jakel, Wolfgang"]
[Black "Wichmann, Daniel"]
[Result "0-1"]
[WhiteElo "2286"]
[BlackElo "2255"]
[PlyCount "148"]
[EventDate "2004.10.10"]
[EventType "team-tourn"]
[EventRounds "11"]
[EventCountry "GER"]
[SourceTitle "EXT 2006"]
[Source "ChessBase"]
[SourceDate "2005.11.24"]
[SourceVersion "1"]
[SourceVersionDate "2005.11.24"]
[SourceQuality "1"]
[WhiteTeam "Offenbach"]
[BlackTeam "Wiesbaden Dotzheim"]
[WhiteTeamCountry "GER"]
[BlackTeamCountry "GER"]

1. e4 Nf6 2. e5 Nd5 3. d4 d6 4. Nf3 dxe5 5. Nxe5 g6 6. Bc4 c6 7. Nd2 Nd7 8. Ndf3 Nxe5 9. Nxe5 Bg7 10. Qe2 0-0 11. c3 Qd6 12. Nd3 Bf5 13. Bb3 Bxd3 14. Qxd3 e5 15. 0-0 exd4 16. cxd4 Rad8 17. Bg5 Rd7 18. Rad1 h6 19. Be3 Kh7 20. Bd2 Rfd8 21. Rfe1 Qf8 22. Ba5 Re8 23. Qh3 f5 24. Qf3 Rxe1+ 25. Bxe1 Nf6 26. d5 cxd5 27. Bxd5 Nxd5 28. Rxd5 Rxd5 29. Qxd5 Qe7 30. Kf1 Bxb2 31. Bd2 Bg7 32. Be3 a6 33. Bd4 Bxd4 34. Qxd4 Qc7 35. Qd5 h5 36. h4 b5 37. g3 Kg7 38. Qd4+ Kh7 39. Qd5 b4 40. Ke2 a5 41. Qe6 a4 42. Qa6 Qc2+ 43. Kf1 Qd1+ 44. Kg2 Qd5+ 45. Kh2 b3 46. Qa7+ Kg8 47. Qb8+ Kg7 48. axb3 axb3 49. Qc7+ Qf7 50. Qb8 Qe6 51. Qc7+ Kf6 52. Qc3+ Ke7 53. Qc7+ Ke8 54. Kg1 Qe1+ 55. Kg2 Qb4 56. Qe5+ Kf7 57. Qb2 Ke6 58. Kh2 f4 59. Qe2+ Kf7 60. Qb2 Qc4 61. Qa3 fxg3+ 62. fxg3 Qe2+ 63. Kh3 Qf1+ 64. Kh2 Qf2+ 65. Kh1 b2 66. Qb3+ Kg7 67. Qb7+ Kh6 68. Qb8 Qf6 69. Kg2 g5 70. hxg5+ Kxg5 71. Qb5+ Kh6 72. Qb4 Qc6+ 73. Kg1 Qc1+ 74. Kg2 Qc2+ 0-1

[Event "Travemuende op 21th"]
[Site "Travemuende"]
[Date "2004.12.28"]
[Round "4"]
[White "Wichmann, Daniel"]
[Black "Wahrenberg, Ralf"]
[Result "1-0"]
[WhiteElo "2255"]
[BlackElo "2052"]
[PlyCount "69"]
[EventDate "2004.12.27"]
[EventType "swiss"]
[EventRounds "7"]
[EventCountry "GER"]
[SourceTitle "EXT 2006"]
[Source "ChessBase"]
[SourceDate "2005.11.24"]
[SourceVersion "1"]
[SourceVersionDate "2005.11.24"]
[SourceQuality "1"]

1. e4 e5 2. Nc3 Nf6 3. Bc4 Bc5 4. d3 h6 5. f4 d6 6. Nf3 Nc6 7. Na4 Bb6 8. a3 Bg4 9. Nxb6 axb6 10. h3 Bxf3 11. Qxf3 Qe7 12. 0-0 0-0-0 13. b4 Nd7 14. f5 Qe8 15. c3 Nf6 16. Bb5 d5 17. Be3 dxe4 18. dxe4 Nd4 19. Bxd4 Qxb5 20. a4 Qe8 21. Bf2 Qc6 22. Bh4 Qc4 23. Bxf6 gxf6 24. Rfd1 Qb3 25. a5 b5 26. Kh2 Rhg8 27. Rxd8+ Rxd8 28. Qe3 Kb8 29. a6 b6 30. Qxh6 Qxc3 31. Qxf6 Rc8 32. Rd1 Ka7 33. Rd8 Rxd8 34. Qxd8 Kxa6 35. Qa8# 1-0